LEADER 00686nam a2200205 i 4500 001 000000165178 003 CaOOAMICUS 005 20071010000000.0 008 071010s1951 it u000 u ita u 013 $a142546 040 $aSeMil$bita 100 1 $aDe Filippo, Eduardo <1900-1984>.$0(OLS)http://semarc/name/8338 245 10$a1. 250 $a7. Ed. 300 $a533 p. 773 0 $aDe Filippo, Eduardo <1900-1984>$tCantata dei giorni dispari.$dTorino : Einaudi, copyr. 1951-copyr. 1966.$w()18539 850 $aSeMil 852 $aSeMil$W1$xVenegono$y1$m1A VI 216$j246352$B116373$CSeMilBibl$Z2$F127319 $81 961 $aRecupero: Altro 996 $6245$a1$9(OLS)http://semarc/title/6508 LEADER 01038nam a2200229 i 4500 001 000000049881 003 CaOOAMICUS 005 20120625000000.0 008 120625s1970 xx u000 u fre u 013 $a21052 040 $aSeMil$bita 100 1 $aBoureau, Daniel .$0(OLS)http://semarc/name/24709 245 13$aLa mission des parents :$bperspectives conciliaires de Trente à Vatican 2. /$cDaniel Boureau. 260 $aParis :$bLes Éditions du Cerf,$ccopyr. 1970. 300 $a425 p. ;$c22 cm. 490 0 $aHistoire de la morale et des moeurs 650 4$aFamiglia - Concezione cristiana.$0(OLS)http://semarc/subject/1374 830 0$aHistoire de la morale et des moeurs.$0(OLS)http://semarc/title/36415 850 $aSeMil 852 $aSeMil$W1$xVenegono$y1$m2E III 138$j16036$B16036$CSeMilBibl$Z2$F16036 $81 996 $6245$aLa mission des parents :$bperspectives conciliaires de Trente à Vatican 2.$9(OLS)http://semarc/title/76029 996 $6260$aParis :$bLes Éditions du Cerf$9(OLS)http://semarc/publisher/29611